Countries With Similar Flags #1 - Statistics

General Stats
  • This quiz has been taken 30 times
  • The average score is 11 of 12
Answer Stats
Picture Answer % Correct
Cameroon
96%
Ethiopia
96%
Benin
91%
Burkina Faso
91%
Mali
91%
Ghana
87%
Republic of the Congo
87%
Togo
87%
Guinea-Bissau
83%
Sao Tome and Principe
83%
Senegal
83%
Guinea
78%
No matching quizzes found
Score Distribution
Percent of People with Each Score
Percentile by Number Answered
Your Score History
You have not taken this quiz